000 01968cam a2200373 4500
001 L135745
002
008 000000n2007 000 0 eng u
020 _a184219304X
_a9781842193044
035 _a(Sirsi) u135745
041 0 _aeng
050 0 4 _a690.2 $2 18
110 2 _aWatts and Partners
_92303
245 0 0 _aWatts pocket handbook 2007
250 _a23rd ed.
260 _aLondon
_bRICS Books
_c2007
300 _aviii, 378p.
_c18cm.
350 _a20
505 2 _aProperty investment and ownership -- Development and procurement -- Legislation -- Design -- Materials and defects -- Environmental -- Maintenance management -- Cost management -- APC student help -- Technical resources
520 _a2007 edition of this annual publication providing legal and technical advice and guidance for those working in property and construction. New content in this edition includes: BCO best practice for new offices and fitting out works; Housing Health and Rating System; environmental liability directive (Directive 2004/35/CE); modern methods of construction; Part L 2006 compliance; Real Estate Investment Trusts; Regent Street disease; renewable energy; sustainable development; tenant fit out and licences to alter; troublesome plant growth; and the water framework directive (2000/60/EC).
520 _aSupersedes 2006 edition (ISBN 1842192493).
590 _aKA
650 2 4 _aHOUSING HEALTH AND SAFETY RATING SYSTEM
650 2 4 _aDIRECTIVE 2004/35/CE
650 2 4 _aDIRECTIVE 2000/60/EC
650 2 4 _aBUILDING REGULATIONS 2000 APPROVED DOCUMENT L1A (2006 EDITION)
650 2 4 _aREAL ESTATE INVESTMENT TRUSTS
650 2 4 _aBUILDING REGULATIONS 2000 APPROVED DOCUMENT L2A (2006 EDITION)
650 2 4 _aBUILDING REGULATIONS 2000 APPROVED DOCUMENT L1B (2006 EDITION)
650 2 4 _aBUILDING REGULATIONS 2000 APPROVED DOCUMENT L2B (2006 EDITION)
651 4 _aUnited Kingdom
_y
690 _aBUILT ENVIRONMENT
942 _n0
999 _c106184
_d106184